| 000 | 01092nam a2200241Ia 4500 | ||
|---|---|---|---|
| 999 |
_c39323 _d39323 |
||
| 001 | 5909 | ||
| 003 | GE_BSU | ||
| 005 | 20190821114717.0 | ||
| 008 | 181216s1964||||ge |||||||||||||| ||geo|| | ||
| 040 | _cGE_BSU | ||
| 041 | _ageo | ||
| 080 | _a821.353.1-32 ა-13 | ||
| 100 |
_aაბაშიძე, გრიგოლ _91383 |
||
| 245 |
_aსამი მოთხრობა : _b[ქვევრში, ცხოვრება წინ არი, სისასტიკის გაკვეთილი] / _cგრიგოლ აბაშიძე ; რედ. გრ. ჩიქოვანი. |
||
| 264 |
_aთბილისი : _bლიტერატურა და ხელოვნება ; _c1964. |
||
| 300 |
_a227 გვ.; _b16 სმ. |
||
| 653 | _aსამი მოთხრობა | ||
| 653 | _aქვევრში | ||
| 653 | _aცხოვრება წინ არი | ||
| 653 | _aსისასტიკის გაკვეთილი | ||
| 700 |
_aჩიქოვანი, გრ. _eრედაქტორი _93717 |
||
| 942 |
_cBK _2udc |
||